000 00717nam a22002417a 4500
003 DO-SdBNP
005 20220808121907.0
007 ta
008 220613b2022 dr ||||| |||| 00| 0 spa d
020 _a9789945929966
040 _aDO-SdBNP
_bspa
_cBNPHU
082 4 _aCu863.5
_bS161L
_222
100 1 _aSalazar Maciá, Malena,
_d1988-
_981854
245 1 4 _aLos errantes /
_cMalena Salazar Maciá.
260 _aSanto Domingo :
_bUME,
_c2022
300 _a128 p. ;
_c19 cm.
500 _aIncluye datos biográficos de la autora
590 _aInventariado, 2022/BT
650 4 _aNovela cubana
_92316
650 4 _aLiteratura cubana
_91483
910 _aBtavárez/Validado. Control de calidad MFF
942 _2ddc
_cLBS1
999 _c52027
_d52027